Tinbergen lectures on organization theory
Αποθηκεύτηκε σε:
| Κύριος συγγραφέας: | |
|---|---|
| Άλλοι συγγραφείς: | |
| Μορφή: | Βιβλίο |
| Γλώσσα: | English |
| Δημοσίευση: |
Berlin :
Springer-Verlag,
c1988
|
| Έκδοση: | 2nd ed., rev. |
| Σειρά: | Texts and monographs in economics and mathematical systems
|
| Θέματα: | |
| Ετικέτες: |
Προσθήκη ετικέτας
Δεν υπάρχουν, Καταχωρήστε ετικέτα πρώτοι!
|
MARC
| LEADER | 00000nam a2200000 i 4500 | ||
|---|---|---|---|
| 001 | 1/67292 | ||
| 008 | 981014s1988 eng d | ||
| 020 | |a 3540185151 | ||
| 020 | |a 0387185151 | ||
| 035 | |l 10029979 | ||
| 040 | |a GR-MY-UA |b gre |e aacr | ||
| 041 | 0 | |a eng | |
| 082 | 0 | |a 658.4013 | |
| 100 | 1 | |a Beckmann, Martin J. | |
| 245 | 1 | 0 | |a Tinbergen lectures on organization theory / |c Martin J. Beckmann ; preface by: Jan Tinbergen |
| 250 | |a 2nd ed., rev. | ||
| 260 | |a Berlin : |b Springer-Verlag, |c c1988 | ||
| 300 | |a xv, 252 σ. | ||
| 490 | 1 | |a Texts and monographs in economics and mathematical systems | |
| 504 | |a Περιλαμβάνει βιβλιογραφίες και ευρετήριο | ||
| 650 | 0 | 0 | |a Organization. |
| 700 | 1 | |a Tinbergen, Jan. |4 aui | |
| 830 | 0 | |a Texts and monographs in economics and mathematical systems | |
| 852 | |a INST |b CHIOS |e 19981014 |h 658.4013 BEC |p 005200015506 |q 005200015506 |t BK |y 4 |x 20120518 | ||
| 901 | |a BIBL-1998-3 | ||
| 909 | |a Χ |b 027099 | ||
| 922 | |a 2ΕΛΗ |b 199305 |c ΜΑΡΟΥΔΑΣ |d LEADER BOOKS | ||